000 01169nam a22003135a 4500
005 20090523123529.0
008 080726s2008 ii a b 001 0 eng
010 _aENG-93670
020 _a9788189973704
_c260.00
020 _a8189973703
_c260.00
035 _aEN-77203
037 _bDBAD / PUB
040 _adpl
_bEnglish
082 _a615.851540954
100 _aSuvarna Nalapat, 1946-
245 _aRāgacikitsā :
_b(music therapy) /
_cby Suvarna Nalapat.
246 _aMusic therapy
260 _aNew Delhi
_bReadworthy Publications
_c2008
270 _a4662/21, Ansari Road, Daryaganj,
_bNew Delhi
_e110002
300 _axx, 264 p
_c23cm(pbk)
500 _aIncludes index.
546 _aIncludes words in Sanskrit
_b(Sanskrit in roman).
650 _aMusic therapy
_zIndia
650 _aSpiritual healing
_zIndia
_xHistory.
650 _aHealing
_xReligious aspects
_xHinduism
650 _aUpanishads
942 _2ddc
_cEN
_h615.851540954
_mSUV
999 _c26714
_d26714